| 000 | 00721nam a22002297a 4500 | ||
|---|---|---|---|
| 999 |
_c5508 _d5508 |
||
| 001 | 3323 | ||
| 003 | BD-DhUAP | ||
| 005 | 20201213122024.0 | ||
| 008 | 201213s1994 ii |||| |||| 000 0 eng d | ||
| 020 | _a8123903219 | ||
| 040 |
_aBD-DhUAP _bEng _cBD-DhUAP _dBD-DhUAP |
||
| 082 |
_223 _a174.962 AHU |
||
| 100 | _aAhuja, K. K. | ||
| 245 |
_aSociety, environment and engineering : _b(industrial management) / _cK. K. Ahuja. |
||
| 250 | _a1st ed. | ||
| 260 |
_aDelhi : _bCBS Publishers, _c1994. |
||
| 300 |
_axxiv, 1028 pages : _billustrations ; _c22 cm. |
||
| 650 |
_aEngineers _vProfessional ethics. |
||
| 650 |
_aEngineering _vSocial aspects _zIndia. |
||
| 650 |
_aEnvironmental engineering _z India. |
||
| 942 |
_2ddc _cBK |
||